Statistics for Disney Feature Films by Character

Click here to take the quiz!

General Stats

  • This quiz has been taken 174,641 times
    (173,872 since last reset)
  • The average score is 15 of 20

Answer Stats

CharactersMovie% Correct
Magic Mirror, Sneezy, HuntsmanSnow White and the
Seven Dwarfs
98%
Mufasa, Nala, RafikiThe Lion King
97%
Wendy, Mr. Smee, TinkerbellPeter Pan
94%
The Genie, Iago, AbuAladdin
94%
Fairy Godmother,
Prince Charming, Drizella
Cinderella
93%
Mowgli, Baloo, Shere KhanThe Jungle Book
88%
Mushu, Ling, Chien-PoMulan
88%
Flower, Faline, ThumperBambi
82%
Rapunzel, Gothel, Flynn RiderTangled
79%
John Smith, Meeko,
Governor Ratcliffe
Pocahontas
78%
Phil, Meg, HadesHercules
77%
Princess Aurora,
Prince Philip, Maleficent
Sleeping Beauty
77%
Figaro, Stromboli, GeppettoPinocchio
74%
Tiana, Louis, Prince NaveenThe Princess and
the Frog
69%
Grimsby, Sebastian, AdellaThe Little Mermaid
64%
Clopin, Victor, EsmeraldaThe Hunchback of
Notre Dame
63%
Lefou, Chip, MauriceBeauty and the Beast
62%
Anita Radcliffe, Pongo, QueenieOne Hundred and
One Dalmatians
51%
Duchess, Roquefort,
Thomas O'Malley
The Aristocats
44%
Penny, Miss Bianca, BernardThe Rescuers
32%

Score Distribution

Percentile by Number Answered

Percent of People with Each Score

Your Score History

You have not taken this quiz since the last reset